Plus Grandes Villes Irlande - Statistiques

Statistiques générales
  • Ce quiz a été pris 325 fois
  • Le résultat moyen est 5 sur 10
Statistiques - réponses
Ville
Population
(en milliers)
% Correct
Dublin 554
100%
Cork 125
90%
Galway 79
81%
Limerick 94
71%
Waterford 53
42%
Drogheda 40
18%
Bray 32
16%
Dundalk 39
15%
Swords 39
12%
Navan 30
8%
Aucun quiz correspondant
Distribution des résultats
% des personnes avec chaque résultat
Percentile par nombre de réponses
Votre historique - résultats
Vous n’avez pas pris ce quiz